| 000 | 00620nam a2200181 i 4500 | ||
|---|---|---|---|
| 001 | 56579 | ||
| 003 | ES-MaACL | ||
| 005 | 20250813014529.0 | ||
| 007 | t| | ||
| 008 | 031010s1931 fr ||||1| fre d | ||
| 100 | 1 |
_aDiderot, Denis, _d1713-1784 _944511 |
|
| 245 | 1 | 0 |
_aCorrespondance inédite / _cDenis Diderot ; public d'apres les manuscrits originause, avec des introductions et des notes par André Babelon. |
| 260 |
_aParís : _b[s.n., _c1931] ( _eAbbeville : _fF. Paillart) |
||
| 300 |
_a2 v. ; _c23 cm. |
||
| 700 | 1 |
_aBabelon, André. _924411 |
|
| 852 |
_aES-MaACL _jA-3845-46 |
||
| 999 |
_c56579 _d56579 |
||